Making routes : (Record no. 31127)

MARC details
000 -LEADER
fixed length control field 01147nam a22003138i 4500
001 - CONTROL NUMBER
control field 021332507
003 - CONTROL NUMBER IDENTIFIER
control field EG-ScBUE
005 - DATE AND TIME OF LATEST TRANSACTION
control field 20260215100821.0
008 - FIXED-LENGTH DATA ELEMENTS--GENERAL INFORMATION
fixed length control field 241018s2024 ua a f b 000 0 eng d
020 ## - INTERNATIONAL STANDARD BOOK NUMBER
Cancelled/invalid ISBN 9781649033178
040 ## - CATALOGING SOURCE
Original cataloging agency StDuBDS
Language of cataloging eng
Description conventions rda
Transcribing agency StDuBDS
Description conventions pn
Modifying agency EG-ScBUE
082 04 - DEWEY DECIMAL CLASSIFICATION NUMBER
Classification number 325.21
Edition number 22
Item number MAK
245 00 - TITLE STATEMENT
Title Making routes :
Remainder of title mobility and the politics of migration in the Global South /
Statement of responsibility, etc edited by Gerda Heck [and three others] ; foreword by Ibrahim Awad.
264 #1 - PUBLICATION, DISTRIBUTION, ETC. (IMPRINT)
Place of publication, distribution, etc Cairo :
Name of publisher, distributor, etc The American University in Cairo Press,
Date of publication, distribution, etc 2024.
300 ## - PHYSICAL DESCRIPTION
Extent xiv, 285 pages :
Other physical details illustrations ;
Dimensions 24 cm
336 ## - CONTENT TYPE
Content type term text
Source rdacontent
Content type code txt
337 ## - MEDIA TYPE
Media type term unmediated
Source rdamedia
Media type code n
338 ## - CARRIER TYPE
Carrier type term volume
Source rdacarrier
Carrier type code nc
504 ## - BIBLIOGRAPHY, ETC. NOTE
Bibliography, etc Includes bibliographical references.
650 #7 - SUBJECT ADDED ENTRY--TOPICAL TERM
Topical term or geographic name as entry element Refugees.
Source of heading or term BUEsh
650 #7 - SUBJECT ADDED ENTRY--TOPICAL TERM
Topical term or geographic name as entry element Emigration and immigration.
Source of heading or term BUEsh
650 #7 - SUBJECT ADDED ENTRY--TOPICAL TERM
Topical term or geographic name as entry element Emigration and immigration
General subdivision Political aspects.
Source of heading or term BUEsh
653 ## - INDEX TERM--UNCONTROLLED
Arrived date list February2026
Resource For college BAEPS, Political Science
655 ## - INDEX TERM--GENRE/FORM
Form subdivision Reading book
700 1# - ADDED ENTRY--PERSONAL NAME
Personal name Heck, Gerda,
Dates associated with a name 1968-
Relator term editor.
700 1# - ADDED ENTRY--PERSONAL NAME
Personal name Awad, Ibrahim,
Relator term write of introduction, etc.
942 ## - ADDED ENTRY ELEMENTS (KOHA)
Source of classification or shelving scheme Dewey Decimal Classification
Koha item type Book - Borrowing
Holdings
Withdrawn status Lost status Source of classification or shelving scheme Damaged status Not for loan Collection code Home library Current library Shelving location Date acquired Source of acquisition Cost, normal purchase price Total Checkouts Full call number Barcode Date last seen Cost, replacement price Price effective from Koha item type
    Dewey Decimal Classification     AUC Central Library Central Library First floor 15/02/2026 Purchase 1080.00   325.21 MAK 000057532 15/02/2026 1350.00 15/02/2026 Book - Borrowing